Top 10 Boston Celtics NBA Starters - Statistics

General Stats
  • This quiz has been taken 792 times
    445 since last reset
  • The average score is 19 of 27
Answer Stats
Team Player % Correct
1980-81, 1983-84, 1985-86 Larry Bird
98%
1959-60, 1961-62, 1962-63, 1963-64, 1964-65 Bill Russell
97%
2023-24 Jaylen Brown
95%
2023-24 Jayson Tatum
95%
2007-08 Kevin Garnett
95%
2007-08 Paul Pierce
94%
2023-24 Derrick White
93%
2007-08 Ray Allen
92%
1959-60, 1961-62, 1962-63 Bob Cousy
91%
2023-24 Al Horford
90%
1985-86 Kevin McHale
90%
2007-08 Rajon Rondo
89%
2023-24 Jrue Holiday
88%
1980-81, 1983-84, 1985-86 Robert Parish
88%
2007-08 Kendrick Perkins
77%
1961-62, 1962-63, 1963-64, 1964-65 Sam Jones
74%
1963-64, 1964-65 K.C. Jones
73%
1983-84, 1985-86 Dennis Johnson
64%
1985-86 Danny Ainge
49%
1959-60, 1961-62, 1962-63, 1963-64, 1964-65 Tom Heinsohn
49%
1980-81, 1983-84 Cedric Maxwell
44%
1959-60 Bill Sharman
41%
1980-81 Nate Archibald
35%
1961-62, 1962-63, 1963-64, 1964-65 Tom Sanders
22%
1959-60 Frank Ramsey
17%
1980-81 Chris Ford
12%
1983-84 Gerald Henderson
11%
No matching quizzes found
Score Distribution
Percent of People with Each Score
Percentile by Number Answered
Your Score History
You have not taken this quiz since the last reset